| 000 | 01187cam a2200373 a 4500 | ||
|---|---|---|---|
| 001 | 6167 | ||
| 003 | FISKH | ||
| 005 | 20250826143054.0 | ||
| 008 | 990119s1999 nyua j 000 0 eng | ||
| 010 | _a 99010578 | ||
| 020 | _a0688165532 (lib. bdg. : alk. paper) | ||
| 020 | _a9780060852863 | ||
| 020 | _a0688096433 (trade : alk. paper) | ||
| 040 |
_aDLC _cDLC _dDLC _beng |
||
| 042 | _alcac | ||
| 050 | _aPS3566.R36 G37 | ||
| 082 | _a811.54 | ||
| 100 | 1 | _aPrelutsky, Jack. | |
| 245 | 1 | 4 |
_aThe gargoyle on the roof : _bpoems / _cby Jack Prelutsky ; pictures by Peter Sis. |
| 260 |
_aNew York : _bGreenwillow Books, _c1999. |
||
| 300 |
_a39 pages : _bcolor illustrations ; _c31 cm |
||
| 505 | _aJ | ||
| 520 | _aPresents poems about gargoyles, vampires, the bogeyman, gremlins, and other monsters. | ||
| 521 | 8 |
_a430
_bLexile estimate |
|
| 521 | 8 |
_aJ
_bRaz-Plus |
|
| 650 | 0 | _aChildren's poetry, American. | |
| 650 | 0 | _aFantasy poetry, American. | |
| 650 | 1 |
_aMonsters _vPoetry. |
|
| 650 | 1 | _aAmerican poetry. | |
| 700 | 1 |
_aSís, Peter, _d1949- _eillustrator |
|
| 906 |
_a7 _bcbc _corignew _d1 _eocip _f19 _gy-gencatlg |
||
| 942 |
_2ddc _cBK _n0 |
||
| 999 |
_c6167 _d6167 |
||